000 00268nam a22001217a 4500
008 171013b xxu||||| |||| 00| 0 eng d
041 _aeng
080 _22ND
_a316
100 _a50
101 _aSOC
245 _aTHE ENGAGED SOCIOLOGIST
_cKORGEN,K.O
942 _2udc
_cBK
999 _c33610
_d33610